|
|
|
|
| LEADER |
00000nam2a2200000 4500 |
| 001 |
208912 |
| 005 |
20231031191601.0 |
| 035 |
|
|
|a (RuTPU)RU\TPU\book\228174
|
| 090 |
|
|
|a 208912
|
| 100 |
|
|
|a 20120207d1967 k y0rusy50 ca
|
| 101 |
0 |
|
|a rus
|
| 102 |
|
|
|a GE
|
| 105 |
|
|
|a y ad 001zy
|
| 200 |
0 |
|
|a Т. 41: Грузинская СССР. Период 1946-1955. Вып. 1: Опубликованные работы
|f Академия наук Грузинской ССР (АН ГрузССР), Геологический институт; гл. ред. Д. В. Наливкин
|
| 210 |
|
|
|a Тбилиси
|c Мецниереба
|d 1967
|
| 215 |
|
|
|a 174 с.
|
| 320 |
|
|
|a Авторский указатель: с. 163-164.
|
| 320 |
|
|
|a Предметно-систематический указатель: с. 165-166.
|
| 320 |
|
|
|a Географический указатель: с. 166-170.
|
| 320 |
|
|
|a Указатель минералов, полезных ископаемых и месторождений: с. 170-172.
|
| 461 |
|
1 |
|0 (RuTPU)RU\TPU\book\58444
|t Геологическая изученность СССР
|o [обзорные главы, рефераты, аннотации и библиографические справки]
|f Академия Наук СССР, Комиссия по геологической изученности СССР
|v Т. 41: Грузинская СССР. Период 1946-1955. Вып. 1: Опубликованные работы
|d 1961-1988
|
| 610 |
1 |
|
|a геологическая изученность
|
| 610 |
1 |
|
|a СССР
|
| 610 |
1 |
|
|a геологическое районирование
|
| 610 |
1 |
|
|a геологические исследования
|
| 610 |
1 |
|
|a опубликованные источники
|
| 610 |
1 |
|
|a рефераты
|
| 610 |
1 |
|
|a библиографические пособия
|
| 610 |
1 |
|
|a стратиграфия
|
| 610 |
1 |
|
|a палеонтология
|
| 610 |
1 |
|
|a тектоника
|
| 610 |
1 |
|
|a неотектоника
|
| 610 |
1 |
|
|a геоморфология
|
| 610 |
1 |
|
|a региональная геология
|
| 610 |
1 |
|
|a Грузинская ССР
|
| 675 |
|
|
|a 55(47+57)
|v 3
|
| 675 |
|
|
|a 55(479.22)
|v 3
|
| 702 |
|
1 |
|a Наливкин
|b Д. В.
|g Дмитрий Васильевич
|4 651
|
| 712 |
0 |
2 |
|a Академия наук Грузинской ССР (АН ГрузССР)
|b Геологический институт
|2 stltpush
|3 (RuTPU)RU\TPU\col\12806
|
| 801 |
|
1 |
|a RU
|b 63413507
|c 20120207
|
| 801 |
|
2 |
|a RU
|b 63413507
|c 20120216
|g RCR
|
| 942 |
|
|
|c BK
|